Countries by Catholic Population Quiz Stats

 Plays Quiz Updated Oct 18, 2018

Support Sporcle.
Go Orange.
Score 0/20 Timer 03:00
8 Plays Today
Rank Country % Correct
4United States
97.7%
5Italy
95.9%
1Brazil
95.1%
2Mexico
94.1%
11Spain
92.7%
6France
92%
9Argentina
89.7%
13Germany
85.6%
17Canada
82.9%
19Chile
80.9%
Rank Country % Correct
15Peru
76.9%
7Colombia
75.6%
14Venezuela
70.1%
12Poland
65.6%
16India
60.7%
3Philippines
48.2%
8Nigeria
41.1%
10Democratic Republic of the Congo
28.4%
20Kenya
24%
18Uganda
12.4%

From the Vault

WWE Intercontinental Champions

by Ben

Sports 10m
If you need more wrestling after taking this quiz, you could check out the 5 hour DVDs of twenty years of the Championship.
Remove Ads.
Support Sporcle.
Get the best of Sporcle when you Go Orange. This ad-free experience offers more features, more stats, and more fun while also helping to support Sporcle. Thank you for becoming a member.

Show Comments

Extras

Top Quizzes Today


Score Distribution

Your Account Isn't Verified!

In order to create a playlist on Sporcle, you need to verify the email address you used during registration. Go to your Sporcle Settings to finish the process.

Report this User

Report this user for behavior that violates our Community Guidelines.

Details: